| 000 | 01183nam a22003737a 4500 | ||
|---|---|---|---|
| 003 | CHAP | ||
| 005 | 20220329133359.0 | ||
| 008 | 971013s1991 r 00010 d | ||
| 010 | _a5711 | ||
| 011 | _a6683 | ||
| 035 | _a5905 | ||
| 040 | _cCHAP | ||
| 082 |
_a634.9751 _bG5 |
||
| 100 | 0 | 0 |
_aGiertych, Maciej. _947902 |
| 245 | _aGenetics of scots pine | ||
| 260 |
_aAmsterdam : _bElsevier, _c1991 |
||
| 300 | _a280 p. | ||
| 490 |
_aDevepment implant genetics and breeding _v; 3 |
||
| 500 | _a59-101 | ||
| 590 |
_aBATCH-UPD _b10 _c20130110 _lUCH01 _h0009 |
||
| 590 |
_aBATCH-UPD _b10 _c20130110 _lUCH01 _h1852 |
||
| 590 |
_aBATCH-UPD _b10 _c20130409 _lUCH01 _h1946 |
||
| 590 |
_aBATCH-UPD _b10 _c20130410 _lUCH01 _h1221 |
||
| 590 |
_aBATCH-UPD _b10 _c20130914 _lUCH01 _h0706 |
||
| 590 |
_aCONVERSION _b10 _c20130109 _lUCH01 _h1304 |
||
| 650 | 1 | 4 |
_aBosques _xEscocia. _914134 |
| 650 | 1 | 4 |
_aPináceas. _988210 |
| 650 | 1 | 4 |
_aPináceas _xPropagación. _988260 |
| 700 | 0 |
_aMatyás, Csaba. _973121 |
|
| 830 | 0 |
_aDevepment implant genetics and breeding _v; 3 _932308 |
|
| 901 | _aBK | ||
| 942 | _cLIBRO | ||
| 949 |
_a634.9751 G5 _bBC _cLIBRO _d33724000503678 _eLIBRO _gI.164877 _h82458 _i5905 _si _t520.00 |
||
| 999 |
_c5711 _d5711 |
||